000 00321nam a2200121Ia 4500
005 20251222144646.0
008 251222s9999||||xx |||||||||||||| ||spa||
082 _a985.009/H19
100 _aHampe MartÍnez, Teodoro
245 0 _aLibro de homenaje al Dr. Enrique de Rávago Bustamante:
264 _bMisky
942 _cLIB
999 _c16866
_d16866